Normal view MARC view

Entry Personal Name

Number of records used in: 2

001 - CONTROL NUMBER

  • control field: 55330

003 - CONTROL NUMBER IDENTIFIER

  • control field: dpl

005 - DATE AND TIME OF LATEST TRANSACTION

  • control field: 20130311115309.0

008 - FIXED-LENGTH DATA ELEMENTS

  • fixed length control field: 130311|||a|||||| | ||| d

040 ## - CATALOGING SOURCE

  • Original cataloging agency: dpl
  • Transcribing agency: dpl

100 ## - HEADING--PERSONAL NAME

  • Personal name: Parameswara Murthy, C.

670 ## - SOURCE DATA FOUND

  • Source citation: Work cat.: (dpl)65079: Parameswara Murthy, C., Text book of engineering chemistry /, 2011

670 ## - SOURCE DATA FOUND

  • Source citation: Work cat.: (dpl)65079: Parameswara Murthy, C., Text book of engineering chemistry /, 2011

© Delhi Public Library
Hit Counter
free hit counter